01298nam a2200325Ia 4500001001200000003000800012006001900020007001500039008004100054020001800095020001800113040002100131035002100152050002300173100002900196245010900225260009100334300001600425490003800441504005100479533015200530650002500682650001200707655002900719700001600748700001600764710001700780830004900797856012600846ebr10699296CaPaEBRm o u cr cn|||||||||130122s2013 enk sb 001 0 eng d z9781908977120 z9781908977137 aCaPaEBRcCaPaEBR a(OCoLC)84121609814aTA481b.F66 2013eb1 aFong, C. Y.q(Ching-yao)10aHalf-metallic materials and their propertiesh[electronic resource] /cC.Y. Fong, J.E. Pask & L.H. Yang. aLondon, UK :bImperial College Press ;aSingapore :bDist. by World Scientific,c2013. axii, 291 p.1 aMaterials for engineering ;vv. 2 aIncludes bibliographical references and index. aElectronic reproduction.bPalo Alto, Calif. :cebrary,d2013.nAvailable via World Wide Web.nAccess may be limited to ebrary affiliated libraries. 0aMetallic composites. 0aMetals. 7aElectronic books.2local1 aPask, J. E.1 aYang, L. H.2 aebrary, Inc. 0aSeries on materials for engineering ;vv. 2.40uhttp://site.ebrary.com/lib/rucke/Doc?id=10699296zAn electronic book accessible through the World Wide Web; click to view